000
00280nam a22001097a 4500
082
_a
810
_b
HON
100
_a
Morgan, Barbara J. (Edt)
_9
111979
245
_a
Today's Best NonFiction /
_c
Barbara J. Morgan (Edt)
260
_a
New Y ork
_c
1996.
300
_a
573p. :
942
_2
ddc
_c
BK
999
_c
594554
_d
594554